LABORATORY TEC HNIQUES IN BIOTECHNOLOGY: METHODS AND APPLICATIONS (Record no. 216097)
[ view plain ]
| 000 -LEADER | |
|---|---|
| fixed length control field | 00405nam a22001457a 4500 |
| 008 - FIXED-LENGTH DATA ELEMENTS--GENERAL INFORMATION | |
| fixed length control field | 250916b |||||||| |||| 00| 0 eng d |
| 020 ## - INTERNATIONAL STANDARD BOOK NUMBER | |
| International Standard Book Number | 9798887153216 |
| 050 ## - LIBRARY OF CONGRESS CALL NUMBER | |
| Classification number | TP 248.2.P48 2024 |
| 100 ## - MAIN ENTRY--PERSONAL NAME | |
| Personal name | PETRA CORDELI |
| 245 ## - TITLE STATEMENT | |
| Title | LABORATORY TEC HNIQUES IN BIOTECHNOLOGY: METHODS AND APPLICATIONS |
| 260 ## - PUBLICATION, DISTRIBUTION, ETC. | |
| Place of publication, distribution, etc. | NEWYORK |
| Name of publisher, distributor, etc. | ORYSON PRESS |
| Date of publication, distribution, etc. | 2024 |
| 300 ## - PHYSICAL DESCRIPTION | |
| Extent | X.300 |
| 942 ## - ADDED ENTRY ELEMENTS (KOHA) | |
| Source of classification or shelving scheme | Library of Congress Classification |
| Koha item type | Long Loan Book |
| Withdrawn status | Lost status | Source of classification or shelving scheme | Damaged status | Not for loan | Collection | Home library | Current library | Shelving location | Date acquired | Inventory number | Total checkouts | Full call number | Barcode | Date last seen | Copy number | Price effective from | Koha item type |
|---|---|---|---|---|---|---|---|---|---|---|---|---|---|---|---|---|---|
| Library of Congress Classification | Science & Technology | Kisii University Library | Kisii University Library | On Display | 09/16/2025 | 109561 | TP 248.2 .P48 2024 | 000000020355 | 09/16/2025 | C.1 | 09/16/2025 | Long Loan Book | |||||
| Library of Congress Classification | Science & Technology | Kisii University Library | Kisii University Library | On Display | 09/16/2025 | 109562 | TP 248.2 .P48 2024 | 000000020356 | 09/16/2025 | C.2 | 09/16/2025 | Long Loan Book | |||||
| Library of Congress Classification | Science & Technology | Kisii University Library | Kisii University Library | On Display | 09/16/2025 | 109563 | TP 248.2 .P48 2024 | 000000020357 | 09/16/2025 | C.3 | 09/16/2025 | Long Loan Book | |||||
| Library of Congress Classification | Science & Technology | Kisii University Library | Kisii University Library | On Display | 09/16/2025 | 109564 | TP 248.2 .P48 2024 | 000000020358 | 09/16/2025 | C.4 | 09/16/2025 | Long Loan Book |